| 000 | 00610nam a2200205 4500 | ||
|---|---|---|---|
| 001 | 138626 | ||
| 003 | ES-MaACL | ||
| 005 | 20240601063026.0 | ||
| 007 | t| | ||
| 008 | 070214s1963 sp r ||||1| spa d | ||
| 100 | 0 |
_aSantana, Lázaro, _d1940- _9103324 |
|
| 245 | 1 | 0 |
_aCon la muerte al hombro _b: (1962) / _cLázaro Santana. |
| 260 |
_aPalencia : _b[s. n.], _c1963 ( _fImp. Merino) |
||
| 300 |
_a34 p. ; _c22 cm. |
||
| 490 | 1 |
_aColección Rocamador ; _v28 |
|
| 830 | 0 | 0 |
_aRocamador (Serie) ; _v28 _9236737 |
| 852 |
_aES-MaACL _j2089-F-10 _bR.89028 |
||
| 942 | _2udc | ||
| 999 |
_c138626 _d138626 |
||